| 000 | 00559nam a22001697a 4500 | ||
|---|---|---|---|
| 003 | NUST | ||
| 038 | _aMr. Zahoor | ||
| 082 | _a200 | ||
| 100 |
_aJawad Riaz _915557 |
||
| 245 |
_aAssessment of Adoption of e-Government by Government Employees of Pakistan in Perspective of Diffusion of Innovation ( DOI) / _cJawad Riaz |
||
| 260 |
_aIslamabad : _bCEME - NUST, _c2016. |
||
| 300 |
_axiv, 97 p. : ill. ; _c30 cm. |
||
| 500 | _aHardcover. | ||
| 600 |
_xEngineering Management - MS Thesis _915693 |
||
| 700 | _4Supervisor: Dr. Muhammad Tahir | ||
| 942 |
_2ddc _cTHE |
||
| 999 |
_c524764 _d524764 |
||